Catalog

Record Details

Catalog Search



The only one  Cover Image Book Book

The only one / Christine Feehan, Susan Grant, and Susan Squires.

Feehan, Christine. (Author). Grant, Susan. (Added Author). Squires, Susan. (Added Author).

Record details

  • ISBN: 0843951702
  • Physical Description: 366 pages ; 18 cm.
  • Publisher: New York : Leisure Books, 2003.

Content descriptions

Formatted Contents Note:
Dark descent / Christine Feehan -- The star queen / Susan Grant -- Sacrilege / Susan Squires.
Subject: Romance fiction.
Genre: Love stories.

Available copies

  • 1 of 1 copy available at scottsboropl.

Holds

  • 0 current holds with 1 total copy.
Show Only Available Copies
Location Call Number / Copy Notes Barcode Shelving Location Status Due Date
scottsboropl F Fee 32269000855539 Adult - Fiction Available -

LDR 00819nam a2200241 a 4500
001121830
003CONS
00520140703075958.0
008070914s2003 nyu 000 1 eng d
020 . ‡a0843951702
035 . ‡a(CPomAG)LMN472352
1001 . ‡aFeehan, Christine.
24514. ‡aThe only one / ‡cChristine Feehan, Susan Grant, and Susan Squires.
260 . ‡aNew York : ‡bLeisure Books, ‡c2003.
300 . ‡a366 pages ; ‡c18 cm.
5050 . ‡aDark descent / Christine Feehan -- The star queen / Susan Grant -- Sacrilege / Susan Squires.
655 7. ‡aLove stories. ‡2gsafd
650 0. ‡aRomance fiction.
7001 . ‡aGrant, Susan.
7001 . ‡aSquires, Susan.
914 . ‡aNWS_tc
959 . ‡i32269000855539 ‡lPB F Fee ‡aAdult - Fiction ‡tFiction ‡g6.99
852 . ‡p32269000855539 ‡jPB F Fee ‡gAdult - Fiction ‡cFiction ‡y6.99 ‡bSBPL
901 . ‡a121830 ‡bUnknown ‡c121830 ‡tbiblio

Additional Resources